[Event "2. Bundesliga West 2009/20010"]
[Site "Bregenz"]
[Date "2010.01.31"]
[Round "8"]
[Board "1"]
[White "Herbrechtsmeier, Christof"]
[Black "Marcelin, Cyril"]
[Result "1/2-1/2"]
[WhiteElo "2268"]
[BlackElo "2498"]
[PlyCount "80"]
[EventDate "2009.10.23"]
[EventType "team"]
[EventRounds "11"]
[EventCountry "AUT"]
[WhiteTeam "Bregenz"]
[BlackTeam "Hypo Kufstein"]

1.e4 e5 2.Nf3 Nc6 3.Bc4 Bc5 4.c3 Nf6 5.d4 exd4 6.cxd4 Bb4+ 7.Bd2 Bxd2+ 8.Nbxd2
d5 9.exd5 Nxd5 10.Qb3 Nce7 11.O-O O-O 12.Rfe1 Nb6 13.Bd3 Nc6 14.Qa3 Qd6 15.Qxd6
cxd6 16.h3 g6 17.a3 Be6 18.Ne4 Rfd8 19.Nc3 Bd5 20.Nxd5 Nxd5 21.Bc4 Nb6 22.Bb5
Rac8 23.Bxc6 Rxc6 24.Re7 Rd7 25.Rae1 Rcc7 26.Re8+ Kg7 27.g4 h6 28.h4 Rc8 29.R8e2
Nd5 30.Kh2 Rdc7 31.Kg3 Rc2 32.g5 hxg5 33.hxg5 Rxe2 34.Rxe2 a5 35.Nh2 Rc4 36.Rd2
Ne7 37.Kf3 f6 38.gxf6+ Kxf6 39.Ng4+ Kg5 40.Ne3 Rc8

[Event "2. Bundesliga West 2009/20010"]
[Site "Bregenz"]
[Date "2010.01.31"]
[Round "8"]
[Board "2"]
[White "Blaskowski, Johannes"]
[Black "Poettinger, Harald"]
[Result "1/2-1/2"]
[WhiteElo "2332"]
[BlackElo "2196"]
[PlyCount "89"]
[EventDate "2009.10.23"]
[EventType "team"]
[EventRounds "11"]
[EventCountry "AUT"]
[WhiteTeam "Hypo Kufstein"]
[BlackTeam "Bregenz"]

1.e4 d6 2.d4 Nf6 3.Nc3 e5 4.Nf3 Nbd7 5.Bc4 Be7 6.O-O O-O 7.h3 c6 8.Bb3 b5 9.a3
a6 10.dxe5 dxe5 11.Qe2 Qc7 12.Rd1 Nc5 13.Bg5 Be6 14.Bxe6 Nxe6 15.Be3 Bc5 16.Bxc5
Nxc5 17.Qe3 Ne6 18.Rd2 Rfd8 19.Rad1 Rxd2 20.Rxd2 Kf8 21.Ne2 Nd7 22.Ng5 Nxg5
23.Qxg5 Nc5 24.Ng3 Ne6 25.Qh5 Kg8 26.Qd1 g6 27.Nf1 Rd8 28.Ne3 Rd4 29.c3 Rxd2
30.Qxd2 h5 31.Kf1 Kg7 32.Ke1 Kf6 33.Nc2 Qd8 34.Nb4 Qxd2+ 35.Kxd2 Nf4 36.g3 Nxh3
37.Ke3 Ke6 38.Nxc6 Kd6 39.Nb4 a5 40.Nd3 f5 41.b4 axb4 42.cxb4 Ng5 43.exf5 gxf5
44.f4 Nf7 45.fxe5+

[Event "2. Bundesliga West 2009/20010"]
[Site "Bregenz"]
[Date "2010.01.31"]
[Round "8"]
[Board "3"]
[White "Bezler, Rainer"]
[Black "Neuschmied, Siegfried"]
[Result "1/2-1/2"]
[WhiteElo "2292"]
[BlackElo "2282"]
[PlyCount "96"]
[EventDate "2009.10.23"]
[EventType "team"]
[EventRounds "11"]
[EventCountry "AUT"]
[WhiteTeam "Bregenz"]
[BlackTeam "Hypo Kufstein"]

1.d4 Nf6 2.c4 c5 3.Nf3 e6 4.e3 b6 5.Bd3 Bb7 6.O-O g6 7.Nbd2 Bg7 8.b4 d6 9.bxc5
dxc5 10.Ba3 Nbd7 11.e4 cxd4 12.e5 Ng4 13.Ne4 Bxe4 14.Bxe4 Rc8 15.Nxd4 Ngxe5
16.Nb5 Bf8 17.Bxf8 Kxf8 18.Nd6 Rc7 19.f4 Nxc4 20.Rc1 Nf6 21.Rxc4 Rxc4 22.Nxc4
Qxd1 23.Rxd1 Nxe4 24.Rd7 Kg7 25.Ne5 Rc8 26.g3 a5 27.Nxf7 Rc1+ 28.Kg2 Rc2+ 29.Kh3
Nc5 30.Rc7 Rxa2 31.Ne5+ Kg8 32.Rc8+ Kg7 33.Rc7+ Kf8 34.Rxh7 a4 35.Kg4 Rc2 36.h4
a3 37.Ra7 a2 38.Nxg6+ Ke8 39.h5 Rh2 40.Nh4 b5 41.h6 Ne4 42.Kf3 Nf6 43.Ng2 Rxh6
44.Rxa2 Nd5 45.Ra6 Kd7 46.Ne3 Nc7 47.Rb6 Rh1 48.Ng4 Rf1+

[Event "2. Bundesliga West 2009/20010"]
[Site "Bregenz"]
[Date "2010.01.31"]
[Round "8"]
[Board "4"]
[White "Rusche, Johannes"]
[Black "Heilinger, Dietmar"]
[Result "1/2-1/2"]
[WhiteElo "2170"]
[BlackElo "2133"]
[PlyCount "64"]
[EventDate "2009.10.23"]
[EventType "team"]
[EventRounds "11"]
[EventCountry "AUT"]
[WhiteTeam "Hypo Kufstein"]
[BlackTeam "Bregenz"]

1.e4 e6 2.d4 d5 3.Bd3 c5 4.c3 Qb6 5.exd5 exd5 6.Nf3 c4 7.Bc2 h6 8.O-O Be6 9.Re1
Be7 10.b3 Nf6 11.Nbd2 cxb3 12.axb3 O-O 13.Nf1 Qc7 14.Qd3 Rc8 15.Bd2 Nc6 16.Ra2
Bd6 17.Ng3 Bf4 18.Bxf4 Qxf4 19.Nd2 Ne7 20.Ra3 g6 21.Qe3 Qd6 22.b4 Ng4 23.Qf3 Kg7
24.Nb3 b6 25.Rea1 Rc7 26.Nc1 Nc6 27.Bd3 h5 28.h3 h4 29.Nf1 Nh6 30.Ne3 a5 31.Ne2
Rac8 32.bxa5 Nxa5

[Event "2. Bundesliga West 2009/20010"]
[Site "Bregenz"]
[Date "2010.01.31"]
[Round "8"]
[Board "5"]
[White "Juen, Leopold"]
[Black "Englert, Jan"]
[Result "1/2-1/2"]
[WhiteElo "1991"]
[BlackElo "2146"]
[PlyCount "108"]
[EventDate "2009.10.23"]
[EventType "team"]
[EventRounds "11"]
[EventCountry "AUT"]
[WhiteTeam "Bregenz"]
[BlackTeam "Hypo Kufstein"]

1.e4 d6 2.d4 Nf6 3.Nc3 Nbd7 4.Bc4 e5 5.Nf3 Be7 6.O-O O-O 7.Bb3 c6 8.a4 b6 9.Re1
a6 10.Be3 Qc7 11.Nh4 Re8 12.Nf5 Bf8 13.Bg5 h6 14.Bh4 g6 15.dxe5 dxe5 16.Qf3 gxf5
17.Qxf5 Bg7 18.Re3 Nf8 19.Qf3 N8h7 20.h3 Be6 21.Ne2 Bxb3 22.Rxb3 Re6 23.Qf5 Rae8
24.Ng3 Nf8 25.Qf3 Ng6 26.Nf5 Nxh4 27.Nxh4 Nd7 28.Qh5 Nf6 29.Qe2 Nd7 30.Rg3 Kh8
31.Qxa6 Nc5 32.Qe2 Rf6 33.Nf5 Rg8 34.b4 Ne6 35.c3 Rg6 36.a5 bxa5 37.Rxa5 Rxg3
38.Nxg3 Nf4 39.Qe3 Rb8 40.Nf5 Kh7 41.Kh2 Rb5 42.Ra7 Rb7 43.Ra8 Ne6 44.Qe2 c5
45.b5 c4 46.Qg4 Rb8 47.Ra6 Rxb5 48.Ne3 Qb7 49.Qf5+ Kg8 50.Rd6 Rb6 51.Rd2 Rb2
52.Rd6 Rb6 53.Rd2 Rb2 54.Rd6 Rb6

[Event "2. Bundesliga West 2009/20010"]
[Site "Bregenz"]
[Date "2010.01.31"]
[Round "8"]
[Board "6"]
[White "Kranewitter, Norbert"]
[Black "Froewis, Annika"]
[Result "1-0"]
[WhiteElo "2076"]
[BlackElo "1933"]
[PlyCount "61"]
[EventDate "2009.10.23"]
[EventType "team"]
[EventRounds "11"]
[EventCountry "AUT"]
[WhiteTeam "Hypo Kufstein"]
[BlackTeam "Bregenz"]

1.Nf3 d5 2.d4 Nf6 3.c4 c6 4.Nc3 e6 5.g3 Nbd7 6.Bg2 Bb4 7.Qb3 Qa5 8.O-O Bxc3
9.bxc3 Nb6 10.Ne5 O-O 11.a4 Nfd7 12.cxd5 Nxe5 13.dxe5 cxd5 14.Ba3 Rd8 15.Bb4 Qa6
16.e4 Nc4 17.Rfd1 Nxe5 18.exd5 exd5 19.Bxd5 Bg4 20.Rd4 Bf3 21.c4 Qb6 22.Qc3 Rac8
23.Ba5 Qh6 24.Bxd8 Rxd8 25.Re1 Bxd5 26.Rxd5 Rxd5 27.cxd5 Nd7 28.Re8+ Nf8 29.Qc5
g5 30.d6 Kg7 31.Rxf8

[Event "2. Bundesliga West 2009/20010"]
[Site "Bregenz"]
[Date "2010.01.31"]
[Round "8"]
[Board "1"]
[White "Dobosz, Henryk"]
[Black "Stangl, Markus"]
[Result "1-0"]
[WhiteElo "2404"]
[BlackElo "2455"]
[PlyCount "97"]
[EventDate "2009.10.23"]
[EventType "team"]
[EventRounds "11"]
[EventCountry "AUT"]
[WhiteTeam "Goetzis"]
[BlackTeam "Sparkasse Jenbach II"]

1.d4 d5 2.c4 e6 3.Nc3 c6 4.e3 Bd6 5.Bd3 f5 6.Qc2 Nf6 7.cxd5 cxd5 8.Nb5 Bb4+
9.Bd2 Nc6 10.Nc7+ Qxc7 11.Bxb4 Bd7 12.Nf3 Rc8 13.Qb3 Nxb4 14.Qxb4 a5 15.Qa3 b5
16.O-O b4 17.Qb3 O-O 18.a3 Qb6 19.axb4 Rb8 20.Ne5 Qxb4 21.Qxb4 Rxb4 22.Rxa5 Rxb2
23.Ra6 Re8 24.Rc1 Rb7 25.h3 h5 26.g4 hxg4 27.hxg4 fxg4 28.Nxd7 Nxd7 29.Bg6 Rd8
30.Rxe6 Nf8 31.Re8 Rd6 32.Rcc8 Rf6 33.Kg2 Rb2 34.Bc2 g6 35.Red8 Kg7 36.Rxd5 Ne6
37.Rd7+ Rf7 38.Rxf7+ Kxf7 39.Kg3 Rb5 40.Kxg4 Kf6 41.Rc6 Rg5+ 42.Kf3 Ke7 43.Bb3
Nf8 44.e4 Rb5 45.Bc4 Rb4 46.e5 Kd7 47.d5 g5 48.Kg4 Rb2 49.e6+

[Event "2. Bundesliga West 2009/20010"]
[Site "Bregenz"]
[Date "2010.01.31"]
[Round "8"]
[Board "2"]
[White "Deglmann, Ludwig"]
[Black "Eisenbeiser, Amadeus"]
[Result "0-1"]
[WhiteElo "2329"]
[BlackElo "2390"]
[PlyCount "78"]
[EventDate "2009.10.23"]
[EventType "team"]
[EventRounds "11"]
[EventCountry "AUT"]
[WhiteTeam "Sparkasse Jenbach II"]
[BlackTeam "Goetzis"]

1.g3 e5 2.c4 d6 3.Bg2 g6 4.Nc3 Bg7 5.d3 Ne7 6.e4 O-O 7.Nge2 Nbc6 8.O-O f5 9.Nd5
h6 10.Be3 Kh7 11.Qd2 Be6 12.Rac1 Qd7 13.Nxe7 Qxe7 14.exf5 Bxf5 15.d4 Qf6 16.dxe5
dxe5 17.Nc3 Rad8 18.Nd5 Qf7 19.f4 Qd7 20.Bc5 Rf7 21.Rce1 b6 22.Bf2 Bh3 23.Qc2
Bf5 24.Qa4 exf4 25.gxf4 Na5 26.Qb4 c6 27.Ne7 Bd3 28.Rd1 Qc7 29.f5 gxf5 30.Bg3
Be5 31.Nxf5 Bxg3 32.Rxd3 Bxh2+ 33.Kh1 Rxd3 34.Be4 Rh3 35.Kg2 Kh8 36.Kxh3 Rxf5
37.Qc3+ Be5 38.Qd3 Rh5+ 39.Kg4 Qg7+

[Event "2. Bundesliga West 2009/20010"]
[Site "Bregenz"]
[Date "2010.01.31"]
[Round "8"]
[Board "3"]
[White "Schmidlechner, Alexander"]
[Black "Micheli, Carlo"]
[Result "0-1"]
[WhiteElo "2190"]
[BlackElo "2293"]
[PlyCount "72"]
[EventDate "2009.10.23"]
[EventType "team"]
[EventRounds "11"]
[EventCountry "AUT"]
[WhiteTeam "Goetzis"]
[BlackTeam "Sparkasse Jenbach II"]

1.d4 Nf6 2.c4 g6 3.Nc3 Bg7 4.e4 d6 5.Nf3 O-O 6.Be2 e5 7.O-O Na6 8.Be3 Ng4 9.Bg5
f6 10.Bc1 Nh6 11.Be3 Nf7 12.dxe5 dxe5 13.Qxd8 Rxd8 14.Rfd1 c6 15.Rd2 Bf8 16.Rad1
Rxd2 17.Rxd2 b6 18.a3 Bc5 19.b4 Bxe3 20.fxe3 Be6 21.Kf2 Kf8 22.Rd1 Ke7 23.Nd2
Nc7 24.h4 Nd6 25.Na4 Rd8 26.Ke1 Nb7 27.Rc1 Bd7 28.Nc3 Rb8 29.Rb1 Be6 30.c5 b5
31.a4 a6 32.Ra1 a5 33.axb5 axb4 34.b6 bxc3 35.Nc4 Ra8 36.Rc1 Nb5

[Event "2. Bundesliga West 2009/20010"]
[Site "Bregenz"]
[Date "2010.01.31"]
[Round "8"]
[Board "4"]
[White "Kleissl, Helmut"]
[Black "Scheffknecht, Philipp"]
[Result "1-0"]
[WhiteElo "2271"]
[BlackElo "2163"]
[PlyCount "77"]
[EventDate "2009.10.23"]
[EventType "team"]
[EventRounds "11"]
[EventCountry "AUT"]
[WhiteTeam "Sparkasse Jenbach II"]
[BlackTeam "Goetzis"]

1.Nf3 d5 2.d4 Bf5 3.c4 e6 4.cxd5 exd5 5.Bg5 Be7 6.Bxe7 Nxe7 7.Nc3 Nbc6 8.e3 O-O
9.Bd3 Re8 10.O-O Qd7 11.Rc1 Rad8 12.Na4 Bxd3 13.Nc5 Qg4 14.Nxd3 Ng6 15.b4 a6
16.a4 Re7 17.Nc5 Nxb4 18.Nxb7 Rb8 19.Na5 Rb6 20.Qd2 Qd7 21.Ra1 Nc6 22.Rfc1 Re6
23.Rc5 Nge7 24.Rac1 Rg6 25.g3 Qg4 26.Nxc6 Nxc6 27.a5 Nxa5 28.Ne5 Nb3 29.Rxc7 h5
30.Qc2 Qe4 31.Rc8+ Kh7 32.Nxf7 Rg4 33.Rh8+ Kg6 34.Ne5+ Kf5 35.Qc8+ Re6 36.Rf8+
Kg5 37.Qxe6 Nxc1 38.f4+ Rxf4 39.exf4+

[Event "2. Bundesliga West 2009/20010"]
[Site "Bregenz"]
[Date "2010.01.31"]
[Round "8"]
[Board "5"]
[White "Gauss, Gustav"]
[Black "Schnegg, Daniel"]
[Result "1-0"]
[WhiteElo "2153"]
[BlackElo "2092"]
[PlyCount "45"]
[EventDate "2009.10.23"]
[EventType "team"]
[EventRounds "11"]
[EventCountry "AUT"]
[WhiteTeam "Goetzis"]
[BlackTeam "Sparkasse Jenbach II"]

1.d4 Nf6 2.Nc3 d5 3.Bg5 Bf5 4.e3 Nbd7 5.Bd3 Bxd3 6.Qxd3 h6 7.Bxf6 Nxf6 8.Qb5+
Nd7 9.Qxd5 c6 10.Qb3 Qc7 11.Nf3 e6 12.Ne4 Be7 13.c4 O-O 14.O-O Rfd8 15.Rfd1 b6
16.Rd2 Rab8 17.Rad1 b5 18.Rc2 Qb7 19.Rdc1 b4 20.c5 a5 21.Nd6 Qc7 22.Ne5 Bxd6
23.cxd6

[Event "2. Bundesliga West 2009/20010"]
[Site "Bregenz"]
[Date "2010.01.31"]
[Round "8"]
[Board "1"]
[White "Prusikin, Michael"]
[Black "Dizdar, Goran"]
[Result "1/2-1/2"]
[WhiteElo "2534"]
[BlackElo "2563"]
[PlyCount "59"]
[EventDate "2009.10.23"]
[EventType "team"]
[EventRounds "11"]
[EventCountry "AUT"]
[WhiteTeam "Wuestenrot Sbg SIR"]
[BlackTeam "SC Absam"]

1.d4 Nf6 2.c4 e6 3.Nf3 b6 4.g3 Bb7 5.Bg2 Bb4+ 6.Bd2 Qe7 7.O-O Bxd2 8.Qxd2 O-O
9.Nc3 d5 10.cxd5 exd5 11.Qf4 Na6 12.Rfd1 Rfd8 13.Rac1 c6 14.Ne5 Nc7 15.Qh4 Rd6
16.e3 Re8 17.b4 Ne6 18.Ng4 Nxg4 19.Qxg4 Ba6 20.a4 Nc7 21.Rb1 Bc4 22.Rd2 b5
23.Qd1 Rb8 24.Rdb2 a6 25.Ra1 Rdd8 26.Ne2 Ne8 27.Nf4 Nd6 28.Nd3 Bxd3 29.Qxd3 Nc4
30.Rbb1

[Event "2. Bundesliga West 2009/20010"]
[Site "Bregenz"]
[Date "2010.01.31"]
[Round "8"]
[Board "2"]
[White "Rotstein, Arkadij"]
[Black "Bromberger, Stefan"]
[Result "0-1"]
[WhiteElo "2534"]
[BlackElo "2510"]
[PlyCount "109"]
[EventDate "2009.10.23"]
[EventType "team"]
[EventRounds "11"]
[EventCountry "AUT"]
[WhiteTeam "SC Absam"]
[BlackTeam "Wuestenrot Sbg SIR"]

1.Nf3 Nf6 2.c4 e6 3.g3 b6 4.Bg2 Bb7 5.O-O c5 6.Nc3 Be7 7.b3 d6 8.Bb2 O-O 9.e3
Nbd7 10.d4 cxd4 11.Nxd4 Qc8 12.e4 a6 13.Qe2 Qc7 14.Rad1 Rfe8 15.f4 Bf8 16.Nf3
Rad8 17.Kh1 g6 18.e5 dxe5 19.fxe5 Ng4 20.Ne4 Bxe4 21.Qxe4 h5 22.Ng5 Nc5 23.Qe2
Rxd1 24.Rxd1 Bh6 25.h3 Bxg5 26.hxg4 h4 27.gxh4 Bxh4 28.Bf3 Rd8 29.Kg2 a5 30.Bd4
Bg5 31.Qf2 Kg7? 32.a3 Rh8 33.b4 axb4 34.axb4 Bf4 35.Rh1 Nd3 36.Qf1 Qxc4 37.Rxh8
Qxd4 38.Rc8 Bxe5 39.Kh1 Nf2+ 40.Kg2 Nxg4 41.Bxg4 Qxg4+ 42.Kf2 Qxb4 43.Qh3 Qd2+
44.Kf1 Qh6 45.Qa3 Qf4+ 46.Ke2 Bd6 47.Qa8 b5 48.Rg8+ Kf6 49.Rd8 Qg4+ 50.Kf1 Qd1+
51.Kf2 Bc5+ 52.Kg2 Qe2+ 53.Kg3 Bd6+ 54.Rxd6 Qe5+ 55.Kg4

[Event "2. Bundesliga West 2009/20010"]
[Site "Bregenz"]
[Date "2010.01.31"]
[Round "8"]
[Board "3"]
[White "Pitl, Gregory"]
[Black "Wegerle, Joerg"]
[Result "1/2-1/2"]
[WhiteElo "2405"]
[BlackElo "2430"]
[PlyCount "61"]
[EventDate "2009.10.23"]
[EventType "team"]
[EventRounds "11"]
[EventCountry "AUT"]
[WhiteTeam "Wuestenrot Sbg SIR"]
[BlackTeam "SC Absam"]

1.d4 d5 2.c4 dxc4 3.Nf3 Nf6 4.e3 Be6 5.Nc3 c6 6.Ng5 Bd5 7.e4 h6 8.exd5 hxg5
9.dxc6 Nxc6 10.d5 Ne5 11.Qd4 Nfd7 12.Bxg5 Qb6 13.Be3 Qxd4 14.Bxd4 Rh4 15.O-O-O
g5 16.Be3 g4 17.Rd4 Bh6 18.Bxc4 Bxe3+ 19.fxe3 O-O-O 20.Be2 Rdh8 21.h3 Nf6 22.Rf1
gxh3 23.gxh3 Rxh3 24.d6 Kd8 25.Rdf4 Nfd7 26.dxe7+ Kxe7 27.Rb4 Rh1 28.Rxh1 Rxh1+
29.Kd2 b6 30.Ra4 a5 31.Rf4

[Event "2. Bundesliga West 2009/20010"]
[Site "Bregenz"]
[Date "2010.01.31"]
[Round "8"]
[Board "4"]
[White "Duer, Werner"]
[Black "Grafl, Florian"]
[Result "1/2-1/2"]
[WhiteElo "2250"]
[BlackElo "2426"]
[PlyCount "104"]
[EventDate "2009.10.23"]
[EventType "team"]
[EventRounds "11"]
[EventCountry "AUT"]
[WhiteTeam "SC Absam"]
[BlackTeam "Wuestenrot Sbg SIR"]

1.d4 f5 2.g3 Nf6 3.Bg2 g6 4.Nf3 Bg7 5.O-O O-O 6.Nbd2 d6 7.c3 Nc6 8.Qb3+ Kh8
9.Ng5 d5 10.f4 a5 11.a4 b6 12.Ndf3 e6 13.Qc2 h6 14.Nh3 Ne4 15.Be3 Ba6 16.Nf2
Nxf2 17.Rxf2 Qe7 18.h4 Bf6 19.Qd2 Rg8 20.Bh3 Nd8 21.Rh2 h5 22.Ne5 Nf7 23.Bg2 Nd6
24.b3 Rac8 25.Nd3 Qg7 26.Rc1 Rgd8 27.Bf3 c5 28.Ne5 Kh7 29.Kg2 Qe7 30.Rhh1 Qe8
31.Qa2 Bb7 32.Rc2 c4 33.b4 axb4 34.cxb4 Ra8 35.Ra1 Bc6 36.a5 Bb5 37.Qb1 Rdb8
38.Rca2 bxa5 39.Rxa5 Rxa5 40.Rxa5 Bd8 41.Ra7+ Nb7 42.Qa1 Bb6 43.Ra3 Kg7 44.Bd2
Nd6 45.e3 Qc8 46.Bc3 Be8 47.Bd1 Nb5 48.Ra2 Nc7 49.Nf3 Ra8 50.Nd2 Rxa2 51.Qxa2
Qa8 52.Qxa8 Nxa8

[Event "2. Bundesliga West 2009/20010"]
[Site "Bregenz"]
[Date "2010.01.31"]
[Round "8"]
[Board "5"]
[White "Pitschka, Klaus"]
[Black "Gerhold, Michael"]
[Result "1/2-1/2"]
[WhiteElo "2235"]
[BlackElo "2241"]
[PlyCount "76"]
[EventDate "2009.10.23"]
[EventType "team"]
[EventRounds "11"]
[EventCountry "AUT"]
[WhiteTeam "Wuestenrot Sbg SIR"]
[BlackTeam "SC Absam"]

1.d4 Nf6 2.Nf3 e6 3.Nc3 d5 4.Bg5 Be7 5.Bxf6 Bxf6 6.e4 c5 7.exd5 cxd4 8.Nxd4 O-O
9.Bc4 exd5 10.Bxd5 Qb6 11.Nde2 Rd8 12.Qd3 Nc6 13.O-O Bg4 14.Qe4 Bxe2 15.Nxe2
Qxb2 16.Rab1 Qe5 17.Qxe5 Bxe5 18.c4 Rab8 19.Rfe1 Bf6 20.Ng3 Kf8 21.Kf1 Ne5
22.Nh5 b5 23.Nxf6 gxf6 24.Re4 Nxc4 25.Bxc4 bxc4 26.Rxb8 Rxb8 27.Rxc4 Rb1+ 28.Ke2
Rb2+ 29.Kf3 Rxa2 30.Rc7 Kg7 31.h4 h5 32.g3 Kg6 33.Rb7 a5 34.Ra7 a4 35.Ke3 a3
36.f3 Ra1 37.Kf4 Ra2 38.Ra8 Ra1

[Event "2. Bundesliga West 2009/20010"]
[Site "Bregenz"]
[Date "2010.01.31"]
[Round "8"]
[Board "6"]
[White "Natter, Siegfried"]
[Black "Lickleder, Andreas"]
[Result "1/2-1/2"]
[WhiteElo "2262"]
[BlackElo "2242"]
[PlyCount "34"]
[EventDate "2009.10.23"]
[EventType "team"]
[EventRounds "11"]
[EventCountry "AUT"]
[WhiteTeam "SC Absam"]
[BlackTeam "Wuestenrot Sbg SIR"]

1.e4 c5 2.Nc3 e6 3.f4 Nc6 4.Nf3 Nge7 5.d3 d5 6.Be2 g6 7.O-O Bg7 8.Qe1 Nd4 9.Bd1
O-O 10.Kh1 Nec6 11.Ne2 Nxf3 12.Rxf3 b5 13.Qg1 Qd6 14.e5 Qe7 15.c3 Rd8 16.d4 cxd4
17.Nxd4 Nxd4

[Event "2. Bundesliga West 2009/20010"]
[Site "Bregenz"]
[Date "2010.01.31"]
[Round "8"]
[Board "1"]
[White "Juergens, Klaus"]
[Black "Bertagnolli, Alexander"]
[Result "1/2-1/2"]
[WhiteElo "2162"]
[BlackElo "2332"]
[PlyCount "113"]
[EventDate "2009.10.23"]
[EventType "team"]
[EventRounds "11"]
[EventCountry "AUT"]
[WhiteTeam "ASK Salzburg"]
[BlackTeam "Rochade Rum"]

1.Nf3 g6 2.c4 Bg7 3.e4 c6 4.Nc3 d6 5.d4 e5 6.Be2 Bg4 7.d5 Bxf3 8.Bxf3 Ne7 9.h4
h5 10.Bg5 f6 11.Be3 c5 12.g4 hxg4 13.Bxg4 f5 14.exf5 gxf5 15.Bh5+ Kd7 16.Bf7 b6
17.Bg5 Bh6 18.Qa4+ Kc7 19.O-O-O a6 20.Kb1 Bxg5 21.hxg5 Nd7 22.Be6 b5 23.cxb5 Nb6
24.Qa5 Kb7 25.bxa6+ Rxa6 26.Qb5 Qa8 27.Bd7 Rxh1 28.Bc6+ Kc7 29.Bxa8 Rxd1+
30.Nxd1 Rxa8 31.Nc3 Nexd5 32.Nxd5+ Nxd5 33.Qb3 Kc6 34.a4 Rg8 35.Qb5+ Kc7 36.a5
Rxg5 37.a6 Rg1+ 38.Kc2 Nb4+ 39.Kd2 Nxa6 40.Qxa6 Rg4 41.Qa7+ Kc6 42.Qf7 Rd4+
43.Ke2 Re4+ 44.Kf1 Rf4 45.Qe6 Kc7 46.Qd5 Kd7 47.Kg2 Rg4+ 48.Kh3 Rf4 49.f3 Rb4
50.Qf7+ Kc6 51.b3 Rf4 52.Kg3 Rb4 53.Qxf5 Rd4 54.Qc8+ Kd5 55.Qb7+ Ke6 56.Qc6 Ke7
57.Qc7+

[Event "2. Bundesliga West 2009/20010"]
[Site "Bregenz"]
[Date "2010.01.31"]
[Round "8"]
[Board "2"]
[White "Eybl, Alexander"]
[Black "Loeffler, Christoph"]
[Result "1-0"]
[WhiteElo "2259"]
[BlackElo "2163"]
[PlyCount "105"]
[EventDate "2009.10.23"]
[EventType "team"]
[EventRounds "11"]
[EventCountry "AUT"]
[WhiteTeam "Rochade Rum"]
[BlackTeam "ASK Salzburg"]

1.Nf3 d5 2.g3 Nf6 3.Bg2 Bg4 4.c4 c6 5.cxd5 Nxd5 6.O-O Nd7 7.d4 N7f6 8.Re1 e6
9.e4 Nb6 10.h3 Bxf3 11.Bxf3 Qd7 12.Nc3 O-O-O 13.d5 h5 14.dxc6 Qxc6 15.Qb3 Nfd7
16.Be3 Kb8 17.Rac1 Nc5 18.Qb5 Nd3 19.Red1 Qxb5 20.Nxb5 Rd7 21.Rxd3 Rxd3 22.Bf4+
Ka8 23.Nc7+ Kb8 24.Na6+ Ka8 25.Nc7+ Kb8 26.Nd5+ Ka8 27.Nxb6+ axb6 28.Rc8+ Ka7
29.Bb8+ Ka8 30.Bc7+ Ka7 31.Bb8+ Ka8 32.Be2 Rd7 33.Bc7+ Ka7 34.Bb8+ Ka8 35.Bd6+
Ka7 36.Rxf8 Rxf8 37.Bxf8 Rd2 38.Bb5 Rxb2 39.a4 g6 40.Bd6 Ra2 41.Kg2 g5 42.g4 Rd2
43.Be5 hxg4 44.hxg4 f5 45.gxf5 exf5 46.exf5 Rd5 47.Bc3 Rxf5 48.Bd4 Rf4 49.Be3
Rb4 50.Kg3 g4 51.Bf4 Rb2 52.Bd7 Ra2 53.Be3

[Event "2. Bundesliga West 2009/20010"]
[Site "Bregenz"]
[Date "2010.01.31"]
[Round "8"]
[Board "3"]
[White "Navratil, Robert"]
[Black "Hengl, Christian"]
[Result "1/2-1/2"]
[WhiteElo "2112"]
[BlackElo "2225"]
[PlyCount "50"]
[EventDate "2009.10.23"]
[EventType "team"]
[EventRounds "11"]
[EventCountry "AUT"]
[WhiteTeam "ASK Salzburg"]
[BlackTeam "Rochade Rum"]

1.e4 e6 2.d4 d5 3.Nd2 Nf6 4.e5 Nfd7 5.Bd3 c5 6.c3 Nc6 7.Ngf3 f5 8.exf6 Qxf6
9.O-O Bd6 10.dxc5 Nxc5 11.Nb3 Nxd3 12.Qxd3 O-O 13.Bg5 Qf7 14.Bh4 h6 15.Rad1 Ne5
16.Nxe5 Bxe5 17.Bg3 Bf6 18.f4 Bd7 19.Rf3 Rac8 20.Bf2 b6 21.Re1 Rc4 22.Nd2 Rc7
23.Bg3 Rcc8 24.Bf2 Rc7 25.Bg3 Rcc8

[Event "2. Bundesliga West 2009/20010"]
[Site "Bregenz"]
[Date "2010.01.31"]
[Round "8"]
[Board "4"]
[White "Jedinger, Andreas"]
[Black "Besner, Bernhard"]
[Result "0-1"]
[WhiteElo "2170"]
[BlackElo "2150"]
[PlyCount "68"]
[EventDate "2009.10.23"]
[EventType "team"]
[EventRounds "11"]
[EventCountry "AUT"]
[WhiteTeam "Rochade Rum"]
[BlackTeam "ASK Salzburg"]

1.e4 d5 2.exd5 Qxd5 3.Nc3 Qa5 4.d4 Nf6 5.Nf3 Bg4 6.h3 Bh5 7.Bd2 e6 8.g4 Bg6
9.Qe2 c6 10.O-O-O Nbd7 11.Nh4 O-O-O 12.Kb1 Bb4 13.f4 Rhe8 14.Bg2 Nb6 15.Nxg6
hxg6 16.a3 Bxa3 17.Nd5 exd5 18.Qd3 Bb4 19.c3 Bf8 20.f5 Ne4 21.fxg6 fxg6 22.Rhf1
Nc4 23.Bc1 Qb5 24.Kc2 Qa4+ 25.Kb1 Qb3 26.Ka1 Bd6 27.Rf7 Rd7 28.Rxd7 Kxd7 29.Bxe4
Rxe4 30.Rf1 Bf4 31.Rxf4 Rxf4 32.Qxg6 Rf1 33.Qxg7+ Kc8 34.Qf8+ Rxf8

[Event "2. Bundesliga West 2009/20010"]
[Site "Bregenz"]
[Date "2010.01.31"]
[Round "8"]
[Board "5"]
[White "Scheiblmaier, Robert"]
[Black "Muehlbacher, Bernhard"]
[Result "1-0"]
[WhiteElo "2095"]
[BlackElo "2156"]
[PlyCount "85"]
[EventDate "2009.10.23"]
[EventType "team"]
[EventRounds "11"]
[EventCountry "AUT"]
[WhiteTeam "ASK Salzburg"]
[BlackTeam "Rochade Rum"]

1.d4 d6 2.e4 g6 3.c4 Bg7 4.Be3 Nf6 5.f3 Nbd7 6.Nc3 c5 7.Qd2 h5 8.Rd1 b6 9.Nh3
Bb7 10.d5 Ne5 11.Nf2 Ba6 12.b3 Bc8 13.Be2 h4 14.O-O Rb8 15.Rde1 Rb7? 16.f4 Neg4
17.Bxg4 Nxg4 18.Nxg4 Bxg4 19.h3 Bc8 20.e5 Kf8 21.Kh1 Bf5 22.Bg1 Rh5 23.Bh2 a6
24.a4 Kg8 25.Rf3 Kh7 26.Qe2 Bf8 27.Ne4 b5 28.axb5 axb5 29.Re3 bxc4 30.bxc4 Qb8
31.exd6 Rb2 32.Qf1 Kg7 33.dxe7 Bxe7 34.Nc3 Bf6 35.Nb5 Qb6 36.Bg1 Qa5 37.Ra3 Qb4
38.Ra7 Qd2 39.Nd6 Bd3 40.Rxf7+ Kh6 41.Be3 Bxf1 42.Bxd2 Bd4 43.Ree7

[Event "2. Bundesliga West 2009/20010"]
[Site "Bregenz"]
[Date "2010.01.31"]
[Round "8"]
[Board "1"]
[White "Drabke, Lorenz"]
[Black "Danner, Georg"]
[Result "0-1"]
[WhiteElo "2455"]
[BlackElo "2450"]
[PlyCount "96"]
[EventDate "2009.10.23"]
[EventType "team"]
[EventRounds "11"]
[EventCountry "AUT"]
[WhiteTeam "Dornbirn"]
[BlackTeam "Sparkasse Schwarzach"]

1.e4 c5 2.Nf3 Nc6 3.Bb5 g6 4.Bxc6 dxc6 5.d3 Bg7 6.h3 b6 7.Nc3 e5 8.Be3 Ne7 9.a4
a5 10.Nd2 Be6 11.Nc4 O-O 12.Qd2 f5 13.Bh6 Bxc4 14.Bxg7 Kxg7 15.dxc4 Qxd2+
16.Kxd2 Rad8+ 17.Ke2 Rd4 18.exf5 Nxf5 19.b3 Rf4 20.f3 Ng3+ 21.Ke3 Nxh1 22.Rxh1
Rd4 23.Rd1 Rxd1 24.Nxd1 Rd8 25.Nf2 Kf7 26.Nd3 Ke6 27.Ke4 Rd4+ 28.Ke3 g5 29.g3
Kf5 30.c3 Rd8 31.Nf2 h5 32.Nd3 Rb8 33.Ke2 Rg8 34.Nf2 h4 35.g4+ Kf4 36.Ne4 Rd8
37.Nf6 Kg3 38.Ne4+ Kxh3 39.Kf2 Kh2 40.Nxg5 Rd2+ 41.Ke3 Rg2 42.Ke4 Re2+ 43.Kd3
Re1 44.f4 Kg3 45.Kd2 Rf1 46.fxe5 Kxg4 47.e6 Rf8 48.Ne4 Kf4

[Event "2. Bundesliga West 2009/20010"]
[Site "Bregenz"]
[Date "2010.01.31"]
[Round "8"]
[Board "2"]
[White "Hecht, Hans-Joachim"]
[Black "Szakolczai, Peter"]
[Result "1-0"]
[WhiteElo "2381"]
[BlackElo "2275"]
[PlyCount "59"]
[EventDate "2009.10.23"]
[EventType "team"]
[EventRounds "11"]
[EventCountry "AUT"]
[WhiteTeam "Sparkasse Schwarzach"]
[BlackTeam "Dornbirn"]

1.d4 Nf6 2.c4 e6 3.Nc3 Bb4 4.e3 Bxc3+ 5.bxc3 O-O 6.Bd3 d5 7.Nf3 Nbd7 8.O-O c5
9.Bb2 Qc7 10.cxd5 exd5 11.c4 dxc4 12.Bxc4 Nb6 13.Be2 c4 14.Rc1 Be6 15.Ne5 Rac8
16.Bf3 Bd5 17.Bxd5 Nfxd5 18.e4 Nf4 19.Qd2 Ng6 20.Nxg6 hxg6 21.d5 Na4 22.Ba3 Rfd8
23.Qb4 Nb6 24.Bb2 Qf4 25.Rfe1 c3 26.Bxc3 Rc4 27.Bd2 Rxb4 28.Bxf4 Re8 29.f3 Nxd5
30.Bd2